[Event "XXVI Open A"]
[Site "Collado Villalba ESP"]
[Date "2009.08.24"]
[Round "4"]
[White "Hernandez Gallardo,F"]
[Black "Ramirez Garcia,J"]
[Result "1/2-1/2"]
[WhiteElo "2352"]
[BlackElo "2203"]

1.Nf3 e6 2.c4 d5 3.g3 Nf6 4.Bg2 dxc4 5.Qa4+ Nbd7 6.Qxc4 a6 7.Qc2 c5 8.O-O b5
9.b3 Bb7 10.Bb2 Be7 11.d3 O-O 12.Nbd2 Nd5 13.Rac1 Nb4 14.Qb1 a5 15.a3 Nd5
16.d4 N5b6 17.Qa1 f6 18.Bh3 Kf7 19.Rfd1 Qb8 20.Qb1 Rc8 21.Qd3 c4 22.Qb1 cxb3
23.Nxb3 Rxc1 24.Bxc1 g6 25.Nc5 Nxc5 26.dxc5 Bxc5 27.Qxb5 Qc7 28.Bf4 Qe7  1/2-1/2

[Event "ch-RUS HL"]
[Site "Ulan Ude RUS"]
[Date "2009.09.05"]
[Round "4"]
[White "Kornev,Alexei"]
[Black "Yudin,S"]
[Result "1/2-1/2"]
[WhiteElo "2527"]
[BlackElo "2599"]

1.c4 e6 2.Nf3 d5 3.g3 dxc4 4.Na3 c6 5.Nxc4 b5 6.Ne3 Bb7 7.Bg2 Nd7 8.O-O Ngf6
9.b3 Be7 10.Bb2 O-O 11.Rc1 Qb6 12.Rc2 Rac8 13.Qa1 c5 14.Rfc1 Rfd8 15.d3 h6
16.Ne5 Bxg2 17.Nxg2 Nxe5 18.Bxe5 Qb7 19.Ne1 Ne8 20.Nf3 f6 21.Bf4 Rc6 22.Be3 Rdc8
23.Nd2 Nc7 24.Ne4 Na6 25.a3 f5 26.Nd2 Nc7 27.Nf3 Nd5 28.Bd2 Bf6 29.Qa2 b4
30.Rc4 Nb6 31.R4c2 Nd5 32.Rc4 Nb6 33.R4c2 Nd5 34.Rc4  1/2-1/2

[Event "ch-RUS HL"]
[Site "Ulan Ude RUS"]
[Date "2009.09.07"]
[Round "6"]
[White "Tomashevsky,E"]
[Black "Sjugirov,S"]
[Result "1-0"]
[WhiteElo "2688"]
[BlackElo "2585"]

1.c4 e6 2.Nf3 d5 3.g3 dxc4 4.Bg2 Nd7 5.O-O Ngf6 6.Qc2 a6 7.a4 Nc5 8.Na3 Nb3
9.Rb1 Bxa3 10.bxa3 b5 11.Bb2 Bb7 12.d3 O-O 13.axb5 axb5 14.dxc4 bxc4 15.Rbd1 Be4
16.Qxc4 Na5 17.Qb4 Bd5 18.Nh4 c5 19.Qc3 Qb8 20.Bxd5 exd5 21.Rxd5 Nc4 22.Ba1 Rxa3
23.Qxc4 Nxd5 24.Qxd5 Qa8 25.Qd1 f6 26.Nf5 c4 27.Qd4 Kh8 28.Bc3 Ra4 29.e4 Qc6
30.e5 Raa8 31.Qg4  1-0

[Event "2nd WTeam w"]
[Site "Ningbo CHN"]
[Date "2009.09.10"]
[Round "8"]
[White "Zhao Xue"]
[Black "Zawadzka,J"]
[Result "1-0"]
[WhiteElo "2542"]
[BlackElo "2414"]

1.c4 e6 2.Nf3 d5 3.g3 Nf6 4.Bg2 c5 5.cxd5 Nxd5 6.O-O Be7 7.d4 Nc6 8.dxc5 Bxc5
9.Qc2 Qb6 10.a3 a5 11.Nbd2 O-O 12.e4 Nf6 13.e5 Nd7 14.Nc4 Qc7 15.Qe4 f5 16.exf6 Nxf6
17.Qe2 Bd7 18.Bf4 Qd8 19.Rad1 Nd5 20.Nce5 Qe8 21.Nxd7 Qxd7 22.Bc1 Rae8 23.Ng5 Bd4
24.Qc4 b5 25.Qxb5 Nde7 26.Rxd4 Qxd4 27.Nxe6 Qd6 28.Nxf8 Rxf8 29.Bf4 Qe6 30.Rd1 Kh8
31.Qc5 Rc8 32.b4 axb4 33.axb4 h6 34.b5 Na5 35.Qb4 Nc4 36.Re1  1-0

[Event "7th ch-Mediterranean"]
[Site "Rijeka CRO"]
[Date "2009.09.12"]
[Round "3"]
[White "Rukavina,J"]
[Black "Savic,Miro"]
[Result "1-0"]
[WhiteElo "2435"]
[BlackElo "2288"]

1.c4 e6 2.Nf3 d5 3.b3 c6 4.g3 Nf6 5.Bg2 Nbd7 6.d4 Be7 7.Nc3 O-O 8.O-O Re8
9.Qc2 Nb6 10.c5 Nbd7 11.Bb2 Bf8 12.b4 g6 13.Rad1 Bg7 14.h3 Qc7 15.Rfe1 b5
16.a3 a5 17.Bc1 axb4 18.axb4 e5 19.dxe5 Nxe5 20.Nd4 Bd7 21.Bg5 Be6 22.Bxf6 Bxf6
23.e4 dxe4 24.Nxe4 Bg7 25.Nd6 Rf8 26.Nxe6 fxe6 27.Re3 g5 28.Qe2 Ng6 29.Rxe6 Ra4
30.Ne8 Qa7 31.Nxg7 Kxg7 32.Bxc6 Rf7 33.Be8 Ra2 34.Rd2 Ra1+ 35.Kg2 Qa8+ 36.Qe4 Qxe4+
37.Rxe4  1-0

[Event "FSIMA September"]
[Site "Budapest HUN"]
[Date "2009.09.13"]
[Round "9"]
[White "Dencsi,T"]
[Black "Lorand,N"]
[Result "1/2-1/2"]
[WhiteElo "2338"]
[BlackElo "2339"]

1.c4 e6 2.Nf3 d5 3.d4 c5 4.cxd5 exd5 5.Nc3 Nc6 6.g3 Nf6 7.Bg2 Be7 8.O-O O-O
9.Bg5 cxd4 10.Nxd4 h6 11.Be3 Re8 12.Rc1 Bf8 13.Nxc6 bxc6 14.Na4 Bd7 15.Bc5 Bxc5
16.Nxc5 Bg4 17.Re1 Qa5 18.h3  1/2-1/2

[Event "TCh-FIN 2009-10"]
[Site "Finland FIN"]
[Date "2009.09.20"]
[Round "2"]
[White "Ivanov,SA"]
[Black "Silber,H"]
[Result "1/2-1/2"]
[WhiteElo "2375"]
[BlackElo "2305"]

1.c4 e6 2.Nf3 d5 3.b3 Nf6 4.Bb2 Be7 5.e3 O-O 6.Qc2 c5 7.Be2 Nc6 8.a3 dxc4
9.Bxc4 b6 10.O-O Bb7 11.Be2 Rc8 12.d3 Nd5 13.Nbd2 Bf6 14.Nc4 Qe7 15.Nce5 Nxe5
16.Bxe5 Bxe5 17.Nxe5 Qg5 18.Nf3 Qf6 19.Rac1 Rfd8 20.Qd2 h5 21.Rc2 Ne7 22.Rd1 Ng6
23.Qc3 Qxc3 24.Rxc3 Ne7 25.Ne5 g6 26.Rdc1 f6 27.Nf3 e5 28.h3 Kf7 29.Kf1 Ke6
30.R3c2 Ba6 31.Ne1 f5 32.b4 cxb4 33.axb4 Rxc2 34.Rxc2 Bb5 35.Ra2 Nc6 36.Rb2 Ne7
37.g3 Nd5 38.Rb3 Rc8 39.g4 hxg4 40.hxg4 Rc1 41.gxf5+ gxf5 42.Rb2 Kd6 43.d4 Bxe2+
44.Kxe2 exd4 45.exd4 Nf4+ 46.Ke3 Nd5+  1/2-1/2

[Event "Bolungarvik Open"]
[Site "Reykjavik ISL"]
[Date "2009.09.21"]
[Round "2"]
[White "Skousen,N"]
[Black "Ingvason,J"]
[Result "1-0"]
[WhiteElo "2286"]
[BlackElo "2119"]

1.c4 e6 2.Nf3 d5 3.g3 c6 4.Bg2 Nf6 5.b3 Nbd7 6.O-O e5 7.d3 Bd6 8.Bb2 O-O
9.Nbd2 b6 10.cxd5 cxd5 11.e4 d4 12.Nc4 Bc7 13.a4 Re8 14.b4 Nf8 15.Qd2 Ng6
16.Rfc1 Bb7 17.Ne1 Qd7 18.b5 h5 19.Nc2 h4 20.Nb4 Qg4 21.Qd1 Qd7 22.Rc2 Rac8
23.Rac1 Bb8 24.Ba3 Nf8 25.Nc6 Bxc6 26.bxc6 Qe6 27.Bxf8 Rxf8 28.Nd2 Bd6 29.Nf3 hxg3
30.hxg3 Ba3 31.Ra1 Bc5 32.Ng5 Qd6 33.Bh3 Rxc6 34.Kg2 g6 35.Rac1 Kg7 36.Nf3 Rh8
37.Rc4 Rc7 38.Qb3 a5 39.Qa2 Re7 40.Rh1 Rh5 41.Rcc1 Re8 42.Rh2 Reh8 43.g4 R5h6
44.g5 Rxh3 45.Rxh3 Rxh3 46.Kxh3 Qd7+ 47.Kh2 Ng4+ 48.Kg3 f5 49.gxf6+ Nxf6
50.Nh2 Nh5+ 51.Kg2 Nf4+ 52.Kh1 Qh3 53.f3 Nxd3 54.Rg1 Nf4 55.Rg4 d3 56.Qb2 Bd4
57.Qc1 Bc5 58.Qc3 Bd4 59.Qc7+ Kf6 60.Qd8+ Kf7 61.Qd7+ Kf6 62.Rxf4+ exf4 63.Qxh3 Be3
64.Qd7  1-0

[Event "18th TCh-CRO"]
[Site "Sibenik CRO"]
[Date "2009.09.27"]
[Round "7"]
[White "Cvitan,O"]
[Black "Palac,M"]
[Result "1/2-1/2"]
[WhiteElo "2516"]
[BlackElo "2576"]

1.c4 e6 2.Nf3 d5 3.d4 Nf6 4.Nc3 Bb4 5.cxd5 exd5 6.Qa4+ Nc6 7.Bg5 h6 8.Bxf6 Qxf6
9.e3 O-O 10.Be2 Be6 11.a3 Bd6 12.Nb5  1/2-1/2

[Event "Unive Open"]
[Site "Hoogeveen NED"]
[Date "2009.10.24"]
[Round "9"]
[White "Fehr,A"]
[Black "Tondivar,B"]
[Result "1/2-1/2"]
[WhiteElo "2128"]
[BlackElo "2367"]

1.c4 e6 2.Nf3 d5 3.d4 Nf6 4.Nc3 Be7 5.Bg5 h6 6.Bh4 O-O 7.e3 b6 8.Be2 Bb7
9.cxd5 Nxd5 10.Bxe7 Qxe7 11.Nxd5 Bxd5 12.O-O Rc8 13.Qa4 c5 14.Qa3  1/2-1/2

[Event "Open"]
[Site "Liberec CZE"]
[Date "2009.10.29"]
[Round "7"]
[White "Roesemann,R"]
[Black "Tesar,J"]
[Result "1-0"]
[WhiteElo "2270"]
[BlackElo "2101"]

1.c4 e6 2.Nf3 d5 3.g3 dxc4 4.Qa4+ Bd7 5.Qxc4 Bc6 6.Bg2 Nf6 7.O-O Nbd7 8.d4 Bd6
9.Nc3 O-O 10.Re1 Nb6 11.Qd3 Bb4 12.e4 h6 13.Ne5 Be8 14.a3 Be7 15.Be3 Nbd7
16.Nxd7 Nxd7 17.Rad1 f6 18.Qe2 Nb6 19.e5 Nd5 20.exf6 Bxf6 21.Qg4 Nxe3 22.Qxe6+ Bf7
23.Qxe3 c6 24.Ne4 Re8 25.Nxf6+ Qxf6 26.Qc3 Rad8 27.Re3 Bh5 28.Rd2 Kh8 29.Qc5 Qg6
30.Rxe8+ Rxe8 31.h3 Qb1+ 32.Kh2 Bg6 33.d5 Qe1 34.Qc3 cxd5 35.Rxd5 Qxf2 36.Rd7 Bf7
37.Qf3 Qxf3 38.Bxf3 Be6 39.Rxb7 a6 40.h4 Rd8 41.Be4 Kg8 42.Kg2 Bc4 43.Kf3 Rd1
44.Rc7 Bb5 45.Bc2 Rf1+ 46.Ke3 Re1+ 47.Kd4 Rg1 48.Bb3+ Kh7 49.Rc3 Kg6 50.a4 Bd7
51.a5 Kh5 52.Rc7 Rg2 53.Bf7+ Kg4 54.Rxd7 Kxg3 55.Bc4 Rxb2 56.Rxg7+ Kxh4 57.Rg6 h5
58.Rxa6 Kg3 59.Rg6+ Kf4 60.a6 Rd2+ 61.Kc5 h4 62.a7 Rd8 63.Bd5  1-0

[Event "17th TCh-Eur"]
[Site "Novi Sad SRB"]
[Date "2009.10.29"]
[Round "8"]
[White "Istratescu,A"]
[Black "Ragger,M"]
[Result "1/2-1/2"]
[WhiteElo "2624"]
[BlackElo "2561"]

1.c4 e6 2.Nf3 d5 3.b3 Nf6 4.Bb2 Be7 5.e3 O-O 6.d4 c5 7.dxc5 Bxc5 8.a3 a6
9.Qc2 dxc4 10.Bxc4 Nbd7 11.b4 Bd6 12.Bd3 b5 13.Qc6 Qc7 14.Qxc7 Bxc7 15.Nbd2 Bb7
16.Ke2 Rfc8 17.Rhc1 Kf8 18.g3 Bd6 19.Rxc8+ Rxc8 20.Rc1 Rxc1 21.Bxc1 Ke7 22.Bb2 g6
23.Nb3 Bxf3+ 24.Kxf3 Ne5+ 25.Bxe5 Bxe5 26.Nc5 Bb2 27.Nxa6 Nd5 28.e4 Nc3 29.Ke3 Na2
30.Bb1 Nc3 31.Bc2 Na2 32.a4 bxa4 33.Bxa4 Ba3 34.Bb3 Nxb4 35.Nxb4  1/2-1/2

[Event "48th XtraCon TCh-DEN 2009-10"]
[Site "Denmark DEN"]
[Date "2009.11.07"]
[Round "1"]
[White "Sonderstrup,B"]
[Black "Steffensen,T"]
[Result "1/2-1/2"]
[WhiteElo "2094"]
[BlackElo "2187"]

1.c4 e6 2.Nf3 d5 3.g3 Nf6 4.Bg2 Be7 5.O-O O-O 6.b3 b6 7.Bb2 Bb7 8.d4 c5 9.cxd5 Nxd5
10.Nbd2 Nf6 11.dxc5 Bxc5 12.a3 Nbd7 13.b4 Be7 14.Rc1 Qb8 15.Nc4 Rd8 16.Qb3 Bd5
17.Qc3 Qb7 18.Ne3 Be4 19.Ng5 Bxg2 20.Nxg2 Rac8 21.Qb3 Qd5 22.Qxd5 Nxd5 23.h4 Bf6
24.Bxf6 N7xf6 25.Rfd1 h6 26.Nf3 Ne4 27.Kf1 Kf8 28.Nf4 Nxf4 29.Rxd8+ Rxd8
30.gxf4 Nf6 31.e3  1/2-1/2

[Event "3rd Asian Indoor Team Rapid S/F"]
[Site "Ha Long City VIE"]
[Date "2009.11.07"]
[Round "1"]
[White "Bu Xiangzhi"]
[Black "Filippov,An UZB"]
[Result "1/2-1/2"]
[WhiteElo "2682"]
[BlackElo "2607"]

1.c4 e6 2.Nf3 d5 3.d4 c6 4.Bg5 Qa5+ 5.Bd2 Qd8 6.Nc3 dxc4 7.e4 b5 8.a4 b4
9.Na2 Nf6 10.e5 Ne4 11.Bxc4 Nxd2 12.Qxd2 a5 13.O-O Be7 14.Nc1 Nd7 15.Qc2 Bb7
16.Rd1 Qb6 17.Nb3 O-O 18.Nfd2 Rfd8 19.Bd3 Nf8 20.Ne4 Ba6 21.Bxa6 Qxa6 22.Rac1 Rac8
23.Qd3 Qb6 24.Rc4 Rd5 25.Qc2 Nd7 26.Rc1 Nb8 27.g3 Rcd8 28.Qe2 Rc8 29.h4 Qd8
30.Qh5 Qe8 31.Qe2 h6 32.Qc2 Qd8 33.Nec5 Qb6 34.Kg2 Rcd8 35.Ne4 Rc8 36.Qe2 Qd8
37.Qg4 Kf8 38.Qf4 Kg8 39.Qg4 Kf8 40.Qf4  1/2-1/2

[Event "Open"]
[Site "Leuven BEL"]
[Date "2009.11.12"]
[Round "1"]
[White "Claesen,P"]
[Black "Carcan,S"]
[Result "1-0"]
[WhiteElo "2338"]
[BlackElo "2008"]

1.c4 e6 2.Nf3 d5 3.g3 c5 4.Bg2 Nf6 5.O-O Nc6 6.b3 Be7 7.e3 O-O 8.Bb2 b6 9.Nc3 Bb7
10.cxd5 exd5 11.d4 Rc8 12.Ne5 Re8 13.h4 Qd6 14.Ng4 Nxg4 15.Qxg4 cxd4 16.Nxd5 Bf8
17.exd4 Nd8 18.Ne3 Bxg2 19.Kxg2 Qe6 20.Qxe6 Nxe6 21.Rfd1 Red8 22.d5 Nc5 23.Kf3 Nb7
24.Rac1 Bc5 25.Nf5 g6 26.Nh6+ Kf8 27.Ng4 Nd6 28.Ne5 f5 29.Nc6 Re8 30.b4  1-0

[Event "2nd Dragon Capital"]
[Site "Ho Chi Minh City VIE"]
[Date "2009.12.04"]
[Round "4"]
[White "Nguyen Van Huy"]
[Black "Nguyen Quynh Anh"]
[Result "1-0"]
[WhiteElo "2414"]
[BlackElo "2102"]

1.c4 e6 2.Nf3 d5 3.g3 c6 4.b3 Nf6 5.Bb2 Be7 6.Bg2 O-O 7.O-O b6 8.d3 Bb7 9.Nbd2 c5
10.cxd5 exd5 11.Ne5 Qc7 12.d4 Nbd7 13.Nxd7 Qxd7 14.Rc1 Rac8 15.Nf3 Rfe8 16.Rc2 Ne4
17.dxc5 bxc5 18.Nd2 Nxd2 19.Qxd2 d4 20.Bxb7 Qxb7 21.Rfc1 Qa6 22.Rc4 Rcd8
23.Ba3 h6 24.R1c2 Rd5 25.Bxc5 Bxc5 26.Rxc5 Rxc5 27.Rxc5 Qxe2 28.Qxe2 Rxe2
29.Ra5 Re1+ 30.Kg2 d3 31.Rd5 Ra1 32.a4 Rd1 33.Kf3 d2 34.Ke2 Rb1 35.Rxd2 Rxb3
36.Rd8+ Kh7 37.Rd7 a5 38.Rxf7 Rb2+ 39.Kf3 Rb3+ 40.Ke2 Rb2+ 41.Ke3 Ra2 42.Rf4 g5
43.Rc4 Ra3+ 44.Ke4 Ra2 45.Kf3 Ra3+ 46.Kg4 Rb3 47.Kh5 Rb4 48.Rc7+ Kg8 49.Kxh6 g4
50.Kg6 Rb6+ 51.Kg5 Rb4 52.Ra7 Rxa4 53.Kh4 Ra2 54.Kxg4 Rxf2 55.h4 Ra2 56.Kg5 Rf2
57.h5 Ra2  1-0

[Event "New Years All-Ukrainian Open"]
[Site "Poltava UKR"]
[Date "2009.12.11"]
[Round "9"]
[White "Solovchuk,A"]
[Black "Kurochkin,Val"]
[Result "0-1"]
[WhiteElo "2294"]
[BlackElo "2397"]

1.c4 e6 2.Nf3 d5 3.e3 Nf6 4.b3 Bd6 5.Bb2 O-O 6.Be2 Nbd7 7.Nc3 b6 8.cxd5 exd5
9.Nb5 Be7 10.Nbd4 Bb7 11.Rc1 Bc5 12.Nf5 g6 13.Nh6+ Kg7 14.Ng4 c6 15.Nd4 Rc8
16.O-O Be7 17.f4 Kg8 18.Ne5 c5 19.Ndf3 Ne8 20.f5 Nxe5 21.Nxe5 Bf6 22.fxg6 hxg6
23.Qc2 d4 24.Ng4 Bg7 25.Bc4 Bd5 26.e4 Bxc4 27.Qxc4 Qg5 28.h3 Qxd2 29.Rc2 b5
30.Qxf7+ Rxf7 31.Rxd2 Rxf1+ 32.Kxf1 c4 33.bxc4 bxc4 34.Rd1 c3 35.Bc1 Nd6
36.e5 Nf5 37.Ke2 Rc5 38.Kd3 Bxe5 39.Re1 Bg7 40.Re6 Kf7 41.Ra6 Rc7 42.Ra5 c2
43.Ne5+ Bxe5 44.Rxe5 Rc3+ 45.Kd2  0-1

[Event "Tch-SLO League"]
[Site "Rogaska Slatina SLO"]
[Date "2009.12.11"]
[Round "1"]
[White "Praznik,N"]
[Black "Pavasovic,D"]
[Result "0-1"]
[WhiteElo "2345"]
[BlackElo "2590"]

1.c4 e6 2.Nf3 d5 3.b3 d4 4.Bb2 c5 5.b4 Nc6 6.bxc5 Nf6 7.d3 Bxc5 8.g3 e5 9.Bg2 O-O
10.O-O h6 11.Ba3 Bxa3 12.Nxa3 Qe7 13.Nc2 Bf5 14.Rb1 Rad8 15.Rb3 e4 16.Nfe1 Rfe8
17.Qb1 b6 18.Nb4 Nxb4 19.Rxb4 Nd7 20.Rb2 Nc5 21.Qd1 Qe6 22.Rd2 Rd7 23.f3 exd3
24.exd3 h5 25.Nc2 Qg6 26.Re1 Rxe1+ 27.Nxe1 Re7 28.Bf1 Na4 29.Rf2 Qd6 30.Ng2 Nc3
31.Qd2 Bh3 32.Nf4 Bxf1 33.Kxf1 h4 34.Ne2 Qe5 35.Nf4 g6 36.Ne2 Kg7 37.Nf4 Qf6
38.Ng2 hxg3 39.hxg3 Qf5 40.g4 Qe6 41.Nf4 Qf6 42.Ng2 Re8 43.f4 Rh8 44.Kg1 Rh3
45.f5 g5 46.Ne1 Qh6 47.Rh2 Rxh2 48.Qxh2 Qxh2+ 49.Kxh2 Nxa2 50.Kg2 Kf6 51.Kf2 Nc1
52.Kf3 Ke5 53.Kg3 f6 54.Nf3+ Kd6 55.Nxd4 a6 56.Nc2 Nxd3 57.Ne3 Ne5 58.Nd5 Nd7  0-1

[Event "Christamas Open Masters"]
[Site "Zurich SUI"]
[Date "2009.12.27"]
[Round "2"]
[White "Turner,Ma"]
[Black "Weiler,D"]
[Result "1-0"]
[WhiteElo "2508"]
[BlackElo "2204"]

1.c4 e6 2.Nf3 d5 3.g3 dxc4 4.Bg2 Nd7 5.Qa4 a6 6.Qxc4 b5 7.Qc2 Bb7 8.O-O Ngf6
9.a4 c5 10.Rd1 Qb6 11.axb5 axb5 12.Rxa8+ Bxa8 13.Nc3 Be7 14.d4 O-O 15.Be3 Ng4
16.Bg5 Bxg5 17.Nxg5 Ngf6 18.Bxa8 Rxa8 19.dxc5 Qxc5 20.Rxd7 Qxg5 21.Ne4 Nxe4
22.Qxe4 Rd8 23.Qf4  1-0

[Event "8th Parsvnath Open"]
[Site "New Delhi IND"]
[Date "2010.01.17"]
[Round "6"]
[White "Deepan,C"]
[Black "Tolstikh,N"]
[Result "0-1"]
[WhiteElo "2492"]
[BlackElo "2364"]

1.c4 e6 2.Nf3 d5 3.g3 dxc4 4.Qa4+ Nd7 5.Bg2 a6 6.Qxc4 c5 7.O-O b5 8.Qc2 Bb7
9.a4 Ngf6 10.Nc3 Qb6 11.d3 Be7 12.Qb3 b4 13.Nb1 Ng4 14.Nbd2 Nge5 15.Nxe5 Nxe5
16.Bxb7 Qxb7 17.Qc2 h5 18.Nc4 Nc6 19.Be3 h4 20.f3 Rd8 21.g4 h3 22.Nd2 Nd4
23.Bxd4 cxd4 24.Ne4 f5 25.gxf5 exf5 26.Ng3 g6 27.Rac1 Bg5 28.Qc6+ Qxc6 29.Rxc6 Be3+
30.Kh1 Kf7 31.Rxa6 b3 32.Ra1 Rb8 33.Nf1 Bf4 34.Kg1 Rhc8 35.a5 Rc2 36.Ra7+ Kf6
37.Ra6+ Kg5 38.Rb6 Rxb2 39.Rxb8 Bxb8 40.a6 Ra2 41.Rb1 b2 42.Kf2 Bf4 43.e3 dxe3+
44.Nxe3 Be5 45.Nc4 Bd4+ 46.Kg3 Rxa6 47.f4+ Kf6 48.Kxh3 Ra1 49.Rxb2 Bxb2 50.Nxb2 Re1
51.Nc4 Rd1 52.Ne5 Rg1 53.d4 Rd1 54.Nf3 Rd3 55.Kg2 Ra3 56.h4 Ra6 57.Kf2 Ke6
58.Ne5 Kd5 59.Ke3 Ra3+ 60.Kf2 Ra6 61.Ke3 Rb6 62.Nf3 Rb3+ 63.Kf2 Rxf3+  0-1

[Event "Open C"]
[Site "Marianske Lazne CZE"]
[Date "2010.01.23"]
[Round "9"]
[White "Golcman,E"]
[Black "Stojanovic,Mih"]
[Result "0-1"]
[WhiteElo "2290"]
[BlackElo "2588"]

1.c4 e6 2.Nf3 d5 3.d4 Nf6 4.g3 dxc4 5.Qa4+ Nbd7 6.Bg2 g6 7.Qxc4 b5 8.Qc2 Bb7
9.O-O c5 10.a4 cxd4 11.Nxd4 Bxg2 12.Kxg2 Rc8 13.Qd1 b4 14.Nf3 Be7 15.Nbd2 O-O
16.Nb3 Nb6 17.Be3 Nc4 18.Bd4 Qd5 19.Nd2 Na5 20.Rc1 Nd7 21.e4 Qb7 22.Qe2 Bc5
23.Qe3 Bxd4 24.Qxd4 Rfd8 25.Qe3 h6 26.Rfe1 Qb6 27.Qxb6 Nxb6 28.Kf1 g5 29.h3 Nac4
30.Nxc4 Nxc4 31.b3 Na5 32.Rxc8 Rxc8 33.Re3 Rc3 34.Nd2 Nc6 35.Ke2 Nd4+ 36.Kd1 f6
37.e5 f5 38.Rxc3 bxc3 39.Nc4 Nxb3 40.Kc2 Nc5 41.Kxc3 Ne4+ 42.Kb4 Nxf2 43.Ka5 Nxh3
44.Ka6 f4 45.gxf4 Nxf4 46.a5 Nd5 47.Nd2 Kf7 48.Kb5 Ke7 49.Kc5 Kd7 50.Ne4 g4
51.a6 Kc7 52.Kd4 Kb6 53.Nf6 Ne7 54.Nxg4 Nf5+ 55.Kc4 Kxa6 56.Kc5 h5 57.Nf6 h4
58.Kc6 Ka5 59.Kc5 Ka4 60.Kc4 h3 61.Ne4 h2 62.Nf2 Ng3 63.Kd3 h1=Q 64.Nxh1 Nxh1  0-1

[Event "8th Gibtelecom Masters"]
[Site "Caleta ENG"]
[Date "2010.01.30"]
[Round "5"]
[White "Kozlov,O"]
[Black "De Andres Gonalons,F"]
[Result "1-0"]
[WhiteElo "2279"]
[BlackElo "2124"]

1.c4 e6 2.Nf3 d5 3.g3 Nf6 4.Bg2 dxc4 5.Ne5 Nbd7 6.Nxc4 c5 7.O-O Be7 8.Nc3 O-O
9.d4 Nb6 10.Nxb6 axb6 11.dxc5 bxc5 12.Qb3 Qc7 13.Bf4 e5 14.Bg5 Be6 15.Qxb7 Qxb7
16.Bxb7 Rab8 17.Bxf6 gxf6 18.Bd5 Rxb2 19.a4 c4 20.Bxe6 fxe6 21.a5 Rc2 22.Na4 Ra8
23.Nb6 Ra6 24.e3 Bb4 25.Ra4 Bd2 26.Nxc4 Bc3 27.Rb1 Kf7 28.Kf1 Kg6 29.Rb6 Ra8
30.a6 Rc1+ 31.Kg2 Ra7 32.Nd6 f5 33.Nb5 Ra8 34.Nxc3 Rxc3 35.Rxe6+  1-0

[Event "ch-ROU w"]
[Site "Baile Olanesti ROU"]
[Date "2010.02.01"]
[Round "2"]
[White "Marin,Ir"]
[Black "Cosma,E"]
[Result "0-1"]
[WhiteElo "2144"]
[BlackElo "2332"]

1.c4 e6 2.Nf3 d5 3.b3 Nf6 4.g3 Be7 5.Bg2 O-O 6.O-O b6 7.Bb2 Bb7 8.e3 Nbd7
9.cxd5 Nxd5 10.d4 c5 11.Nc3 Rc8 12.Nxd5 Bxd5 13.Qe2 Nf6 14.Rfd1 c4 15.Rdc1 cxb3
16.Rxc8 Qxc8 17.axb3 a5 18.Rc1 Qb7 19.Ne1 Bxg2 20.Nxg2 Rc8 21.Rxc8+ Qxc8
22.Nf4 Bd6 23.e4 Bxf4 24.gxf4 Qc7 25.Qb5 h6 26.d5 Nxe4 27.dxe6 fxe6 28.f5 Qf7
29.Qxb6 Qxf5 30.Qd4 Qg6+ 31.Kf1 Ng5 32.h4 Nf7 33.h5 Qb1+ 34.Kg2 e5 35.Qd2 Qe4+
36.f3 Qf5 37.Qxa5 Qxh5 38.Qd5 Qg6+ 39.Kh3 Kh7 40.Bc1 Qf5+ 41.Kg3 Qf6 42.b4 Nd6
43.b5 Nf5+ 44.Kg2 Qg6+ 45.Kf1 Nd4 46.Qxe5 Qd3+ 47.Kg2 Qxf3+ 48.Kh2 Qf2+ 49.Kh3 Qf1+
50.Kg3 Qg1+ 51.Kh3 Qf1+ 52.Kg3 Ne2+ 53.Kg4 Qg2+ 54.Kf5 Qg6+  0-1

[Event "TCh-Eur Seniors"]
[Site "Dresden GER"]
[Date "2010.02.13"]
[Round "4"]
[White "Nagorni,W"]
[Black "Seyffer,G"]
[Result "1-0"]
[WhiteElo "2093"]
[BlackElo "2048"]

1.Nf3 e6 2.c4 d5 3.g3 Nf6 4.Bg2 Bd6 5.O-O O-O 6.Nc3 c6 7.b3 Nbd7 8.Qc2 e5
9.cxd5 Nxd5 10.Ne4 Be7 11.d3 h6 12.Bb2 f5 13.Ned2 Bf6 14.e4 Ne7 15.Nc4 fxe4
16.dxe4 Qc7 17.Rad1 Ng6 18.h4 Rd8 19.h5 Ngf8 20.Ba3 c5 21.Ne3 Re8 22.Nd5 Qc6
23.Bh3 Nb6 24.Nxf6+ gxf6 25.Bg2 Ne6 26.Nh4 Nd4 27.Qd2 Kg7 28.Bc1 Rh8 29.f4 Bg4
30.Nf5+ Bxf5 31.exf5 e4 32.Rde1 Rae8 33.Qd1 Kh7 34.Bb2 Nf3+ 35.Bxf3 exf3
36.Kf2 c4 37.Qxf3 Qc5+ 38.Kg2 Nd5 39.bxc4  1-0

[Event "TCh-Eur Seniors"]
[Site "Dresden GER"]
[Date "2010.02.18"]
[Round "9"]
[White "Micheli,C"]
[Black "Pushkov,N"]
[Result "0-1"]
[WhiteElo "2293"]
[BlackElo "2468"]

1.c4 e6 2.Nf3 d5 3.e3 Nf6 4.Nc3 Be7 5.g4 dxc4 6.Bxc4 c5 7.g5 Nfd7 8.Rg1 Nb6
9.Bb3 Nc6 10.d4 cxd4 11.exd4 O-O 12.Be3 Na5 13.Bc2 Nac4 14.Qd3 g6 15.O-O-O Bd7
16.Bb3 Rc8 17.Kb1 a5 18.Ne5 Nxe3 19.Qxe3 a4 20.Bc2 Nd5 21.Nxd5 exd5 22.h4 a3
23.Qb3 Be6 24.f4 Qa5 25.Bd3 axb2 26.f5 Rc3 27.Qxb2 Ba3 28.Qxb7 Rc7 29.Qb3 Bxf5
30.Bxf5 Qa7 31.Bc2 Rb8 32.Rg3 Bd6 33.Qxb8+ Qxb8+ 34.Rb3 Qc8 35.Rd2 Bxe5 36.dxe5 Qe6
37.Rb5 Qxe5 38.Rbxd5 Qe1+ 39.Kb2 Qxh4 40.Bb3 Kg7 41.a4 h6 42.Rd7 Qxg5 43.Bxf7 Qe5+
44.Ka2 Rxd7 45.Rxd7 h5 46.Bd5+ Kh6 47.Kb3 Qd4 48.Bc6 Qc5 49.Bb7 Qb6+ 50.Kc4 h4
51.Bd5 h3 52.Rb7 Qa6+ 53.Kb4 h2  0-1

[Event "ch-IND National Teams"]
[Site "Gurgaon IND"]
[Date "2010.02.26"]
[Round "7"]
[White "Pardeep,Arora"]
[Black "Thejkumar,M"]
[Result "0-1"]
[WhiteElo "2061"]
[BlackElo "2435"]

1.c4 e6 2.Nf3 d5 3.b3 Nf6 4.Bb2 a5 5.e3 c6 6.a3 Nbd7 7.Qc2 Bd6 8.Nc3 O-O
9.Be2 b6 10.O-O Bb7 11.d4 Re8 12.Rfd1 Qe7 13.e4 dxe4 14.Nxe4 Nxe4 15.Qxe4 Nf6
16.Qh4 c5 17.Bd3 Ne4 18.Qh5 cxd4 19.Bxd4 Bc5 20.Bxe4 Bxe4 21.Qe5 Bxd4 22.Nxd4 Bb7
23.Nb5 Red8 24.h3 Qc5 25.Qxc5 bxc5 26.f3 Kf8 27.Kf2 Ke7 28.Ke3 Bc6  0-1

[Event "48th XtraCon TCh-DEN 2009-10"]
[Site "Denmark DEN"]
[Date "2010.03.03"]
[Round "8"]
[White "Glud,J"]
[Black "Brynell,S"]
[Result "1/2-1/2"]
[WhiteElo "2481"]
[BlackElo "2472"]

1.c4 e6 2.Nf3 d5 3.d4 c5 4.cxd5 exd5 5.g3 Nc6 6.Bg2 Nf6 7.O-O Be7 8.Be3 c4
9.Ne5 O-O 10.b3 cxb3 11.axb3 Nb4 12.Nd3 Bf5 13.Nxb4 Bxb4 14.Bd2 Qb6 15.Bxb4 Qxb4
16.Ra4 Qb6 17.Nc3 Rfd8 18.Ra2 Rac8 19.Na4 Qb4 20.Qd2 Qxd2 21.Rxd2 b6 22.Ra1 Rc7
23.f3 Rdc8 24.Kf2 Rc1 25.Rda2 g5 26.g4 Bg6 27.Ke3 Rxa1 28.Rxa1 Rc2 29.Kf2 Rd2
30.Ke3 Rc2 31.Kf2 Rd2  1/2-1/2

[Event "TCh-NED 2009-10"]
[Site "Netherlands NED"]
[Date "2010.03.27"]
[Round "8"]
[White "Reinderman,D"]
[Black "Cardon,H"]
[Result "1-0"]
[WhiteElo "2572"]
[BlackElo "2381"]

1.c4 e6 2.Nf3 d5 3.g3 dxc4 4.Bg2 Nd7 5.Qc2 a6 6.a4 Ngf6 7.O-O Nd5 8.Qxc4 b5
9.Qc6 Rb8 10.axb5 axb5 11.d4 Be7 12.Ra7 Rb6 13.Qc2 Bb7 14.Nbd2 Nb4 15.Qb1 Na6
16.Rxb7 Rxb7 17.Ne5 Rb6 18.Nc6 Qc8 19.Nxe7 Kxe7 20.Nb3 Nf6 21.e4 h6 22.Be3 Rd8
23.d5 Rb8 24.Na5 Kf8 25.Nc6 Ra8 26.e5 Ng8 27.f4 g6 28.dxe6 Qxe6 29.Nd4 Qc4
30.Bxa8 Rxa8 31.f5 g5 32.f6 Rd8 33.Rc1 Qb4 34.Qh7 Rxd4 35.e6  1-0

[Event "21st Pobeskydi Arcelor Mittal Cup"]
[Site "Frydek-Mistek CZE"]
[Date "2010.04.02"]
[Round "4"]
[White "Wesolowski,E"]
[Black "Trombik,K"]
[Result "1-0"]
[WhiteElo "1961"]
[BlackElo "2101"]

1.c4 e6 2.Nf3 d5 3.e3 Nf6 4.b3 Be7 5.Bb2 Nbd7 6.Be2 O-O 7.O-O b6 8.d3 Bb7
9.Nbd2 c5 10.Ne5 Nxe5 11.Bxe5 Nd7 12.Bb2 Bf6 13.Qc2 Re8 14.f4 Qc7 15.Bf3 Rad8
16.g3 Bxb2 17.Qxb2 Nf6 18.e4 dxc4 19.dxc4 e5 20.f5 Qd7 21.Rad1 Qd4+ 22.Qxd4 Rxd4
23.Kf2 Nxe4+ 24.Nxe4 Bxe4 25.Rxd4  1-0

[Event "Open"]
[Site "Bar MNE"]
[Date "2010.04.22"]
[Round "7"]
[White "Rajkovic,Du"]
[Black "Dabetic,R"]
[Result "1-0"]
[WhiteElo "2463"]
[BlackElo "2305"]

1.c4 e6 2.Nf3 d5 3.g3 c5 4.Bg2 Nc6 5.O-O Nf6 6.b3 Be7 7.e3 dxc4 8.bxc4 O-O
9.Bb2 Qc7 10.Qe2 b6 11.d3 Bb7 12.Nc3 a6 13.Ne1 Rfd8 14.f4 Na5 15.g4 Bxg2
16.Qxg2 Qc6 17.g5 Qxg2+ 18.Kxg2 Nd7 19.Kf3 Rab8 20.a4 Nc6 21.Ke2 Rb7 22.Nf3 Bf8
23.h4 Na7 24.h5 b5 25.axb5 axb5 26.cxb5 Nxb5 27.Nxb5 Rxb5 28.Bc3 Nb6 29.Rfb1 Nd5
30.Be5 Rxb1 31.Rxb1 f6 32.Rb8 Rxb8 33.Bxb8 Kf7 34.e4 Nb4 35.Kd2 Nc6 36.Bc7 Ke8
37.Kc3 Kd7 38.Bb6 Bd6 39.h6 gxh6 40.gxf6 Bxf4 41.Bxc5 Be5+ 42.Nxe5+ Nxe5
43.d4 Nf7 44.Kd3 Kc6 45.Bb4 Kd7 46.Ke3 Ke8 47.Kf4 h5 48.Be1 Kd7 49.Kf3 Ng5+
50.Ke3 Nf7 51.Bg3 Ng5 52.Bf4 Nf7 53.Kf3 Nd8 54.Kg3 Ke8 55.Kh4 Kf7 56.Kxh5 Nc6
57.Be5 Na5 58.Kg4 Nc4 59.Kf4 Nb6 60.Bc7 Na4  1-0

[Event "ch-Commonwealth"]
[Site "Delhi IND"]
[Date "2010.05.10"]
[Round "1"]
[White "Sriram,J"]
[Black "Abir,S"]
[Result "1-0"]
[WhiteElo "2507"]
[BlackElo "1902"]

1.c4 e6 2.Nf3 d5 3.g3 Nf6 4.Bg2 Be7 5.O-O O-O 6.b3 b6 7.Bb2 Bb7 8.Qc2 Nbd7
9.d3 c5 10.e3 Rc8 11.Nbd2 Qc7 12.Rac1 Rfd8 13.Qb1 Qb8 14.Rfd1 Bd6 15.Qa1 Re8
16.a3 a6 17.d4 cxd4 18.exd4 Qa8 19.Ne5 Bc7 20.Nxd7 Nxd7 21.c5 b5 22.b4 Bc6
23.Bc3 e5 24.dxe5 Bxe5 25.Nb3 Bxc3 26.Qxc3 Nf6 27.Nd4 Ne4 28.Qb2 g6 29.h4 Bd7
30.Qb3 Nf6 31.Qf3 Kg7 32.Qc3 Be6 33.Rd3 Kg8 34.Nxe6 Rxe6 35.Bh3  1-0